Регионална библиотека "Любен Каравелов" - Русе

Здраве от аптеката на Господ (Запис номер 167908)

MARC детайли
000 -Лидер
Контролно поле с фиксирана дължина 02124nam a2200433 c 4500
003 - Код на организацията, давaща контролен номер
Контролно поле BLK
005 - Дата и час на последна редакция
Контролно поле 20250728130726.0
008 - Елементи от данни с фиксирана дължина
fixed length control field 180411b bul|||||r ||||||| ||bul||
010 ## - Наследен системен номер
LC control number KNG00175756000
020 ## - Международен стандартен номер на книга ISBN
Международен стандартен номер на книга ISBN 978-954-474-645-2
040 ## - Източник на каталожния запис
Идентификатор на билиотеката - собственик на записа BLK
041 ## - Код за език
Код за езика на текст/звукозапис или на отделно заглавие Български
Код за езика КДБФ Български
072 #7 - Код за тематичната категория
Код организация bullib
Код за тематична категория Н50
Текст Естествени науки. Математика и др. Н
080 ## - УДК
Текстов определител УДК Приложна ботаника. Икономическа ботаника. Диворастящи лекарствени растения и др.
УДК код - определител по УДК 581.6
УДК определител (035)
УДК - код + определител 581.6(035)
080 ## - УДК
Текстов определител УДК Лекарствени средства от растителен произход. Подразделя се със знак за отношение :582; :633/635; :665.3
УДК код - определител по УДК 615.322
УДК определител (035)
УДК - код + определител 615.322(035)
100 1# - Редна дума - Автор
Автор Требен, Мария
Авторска отговорност първи автор
R(LIN) 131153
139 ## - Редно поле
Редна дума Требен, Мария
Авторски знак Тре - Т 81
245 10 - Сведения за заглавието
Заглавие Здраве от аптеката на Господ
Подзаглавни данни Съвети и опит с лечебни билки
Редно поле (дума) Мария Требен; прев. от нем. Величка Стефанова.
257 ## - Страна на издаване
Страна на създаване/издаване Австрия
260 ## - Област на издателските данни
Име на издателя, разпространителя и проч. Кибеа
Година на издаване 2014
Печатница София : Инвестпрес
300 ## - Физическа характеристика
Страници 228 с.
Илюстрации и др. с ил., табл.
Размери/Мащаб 24 см
380 ## - Жанр
Жанр Естествени науки. Математика
490 ## - СЕРИИ (Колекции)
Име на серия Серия Здраве
9 (RLIN) 201388
500 ## - Общи забележки
Забележка Ориг. загл.: Gesundheit aus der Apotheke Gottes / Maria Treben. - Азб. показалец
650 #4 - Допълнително описание по предмет – тема
Основно описание – тема или топоним Медицински растения - наръчници и ръководства
9 (RLIN) 251135
650 #4 - Допълнително описание по предмет – тема
Основно описание – тема или топоним Фитотерапия - наръчници и ръководства
9 (RLIN) 251134
653 ## - Ключова дума – ненормативна
Ключова дума лекарствени растения
653 ## - Ключова дума – ненормативна
Ключова дума народна медицина
653 ## - Ключова дума – ненормативна
Ключова дума фитотерапия
659 ## - Тематичен бюлетин
Тематичен бюлетин Н
700 1# - Други автори (авторска отговорност)
Лично име Стефанова, Величка
Автороска отговорност (Описва отношението между автора и произведението) прев. от нем.
9 (RLIN) 365974
852 ## - Местоположение
Форматна сигнатура Цб 274403
856 4# - Електронен адрес и достъп
Електронен формат pdf - файл
856 4# - Електронен адрес и достъп
Електронен формат pdf - файл
999 ## - СИСТЕМНИ КОНТРОЛНИ НОМЕРА
Koha biblionumber 167908
Koha biblioitemnumber 167908
942 ## - АРТИКУЛИ
Вид на библиотечния материал Книги
Скрит в OPAC Не
Периодичен библиозапис Да
Koha issues (borrowed), all copies 2
944 ## - СЪЗДАВАНЕ И РЕДАКЦИЯ на ЗАПИСА
Създаване/Редакция Създаване
Дата на регистрацията/редакция 22.05.2015
Служител, извършил регистрацията/редакцията 30531
Статус, дата на статуса Цветелина Шанова
944 ## - СЪЗДАВАНЕ И РЕДАКЦИЯ на ЗАПИСА
Създаване/Редакция Редакция
Дата на регистрацията/редакция 24.04.2017
Служител, извършил регистрацията/редакцията Виолета_Тройчева
999 ## - СИСТЕМНИ КОНТРОЛНИ НОМЕРА
Koha biblioitemnumber 167908
Наличности
Код за отписване Код за изгубен артикул Код за повреда Коз за рестрикции Код за отдаване Артикулен № Име на библиотеката - собственик Име на библиотеката, в която се намира в момента Статус (Текущо местоположение) Дата на вписване в системата Местоположение - отдел Цена в лева Инвентарен номер Систематично азбучна сигнатура Баркод Номер на екземпляра Цена в евро Служебна бележка Служебен тип на артикула Източник на класификационната схема
  Не е изгубен Не е повреден без рестрикции ползва се в читалня 282998 Регионална библиотека "Любен Каравелов" Русе Регионална библиотека "Любен Каравелов" Русе Хранилище 2015-05-27 Хранилище 18.00 120000788225 Цб 274403 120000788225 1 9.20 Дост: Dp Вид: Д N: 49 Дата: 12.11.2014 Книги  
  Не е изгубен Не е повреден без рестрикции заемане за дома 859329 Регионална библиотека "Любен Каравелов" Русе Регионална библиотека "Любен Каравелов" Русе Заемна - подръчен фонд 2021-10-29 Заемна - подръчен фонд 11.00   581/Т 81 М 120000861488   5.62   Книги Universal Decimal Classification
Vip Innovations Ltd, Rousse, Bulgaria 2025